000 00985nam0a22002651 4500
001 rc\211276
005 20030307114310.8
010 _a5-7702-0220-3
_9200
035 _a(NLR Aleph) 005461313
090 _a4958059
_c4958059
100 _a20030307d1991 u |0rusy50 ca
101 0 _arus
102 _aRU
105 _ay |||||||||
200 1 _aЭкономизация науки: опыт, проблемы, перспективы
_eСб. науч. тр.
_fАН УССР. Ин-т экономики
_g[Редкол.: Л.К. Бесчастный (отв. ред.) и др.]
210 _aКиев
_cИЭ
_d1991
215 _a119 с.
_d21
320 _aБиблиогр. в конце ст.
702 1 _aБесчастный
_bЛ. К.
_gЛеонид Константинович
_4340
712 0 2 _aИнститут экономики
_cКиев
_3RU\NLR\AUTH\889937503
801 0 _aRU
_bNLR
_gpsbo
801 1 _aRU
_bELAR
_2rusmarc
852 _aNLR
_j91-3/13013
942 _cBOOK
980 _aNB